00974naa#a2200181#i#4500001001500000005001700015100004100032102000700073200025600080210016900336215001000505608006000515675006500575700005200640700003000692700005200722856001800774RU\\bibl\1943720260516042554.6##a20260515b2026####ek#y0rusy0150####ca##aRU1#aРАЗНООБРАЗИЕ, СОСТОЯНИЕ И РОСТ ДРЕВЕСНЫХ РАСТЕНИЙ В ОЗЕЛЕНЕНИИ РАБОЧЕГО ПОСЕЛКА ТАЛОВАЯ ВОРОНЕЖСКОЙ ОБЛАСТИeСтатья/тезисы конференции1#aВоронежcВоронежский государственный лесотехнический университет имени Г.Ф. Морозоваd2026##a6 с.##aСтатья/тезисы конференции2local##aЛесное хозяйство. Лесоводство. 630#1aМихайловаgМария Игоревна#1aМахиноваgД. И.#1aЧернышовgМихаил Павлович4#abibl.vgltu.ru